000 00714nam a22002417a 4500
999 _c14742
_d14742
003 MIRAKIL
005 20220111172544.0
008 220111b tu ||||| |||| 00| 0 tur d
020 _a9786257288361
040 _aTR-AnCHP
_btur
_cTR-AnCHP
041 _atur
082 _a811
_bB69ş 2021
100 _aBozkurt, Ahmet
245 _aŞiirlerde İstanbul
_cAhmet Bozkurt; resimleyen Selçuk Ören
260 _aİstanbul
_bİstanbul Büyükşehir Belediyesi,
_c2021.
300 _a792 s.:
_c22 sm.
500 _aKaynakça vardır.
650 _aİstanbul, Şiirde
650 _aTürk edebiyatı
_xŞiirler
650 _aİstanbul
_xTürkçe şiir
700 _aÖren, Selçuk
_96937
_eres.
942 _2ddc
_cBKS